000 00710nam a2200217Ia 4500
003 Ost
005 20260507075659.0
008 260507s9999||||xx |||||||||||||| ||und||
020 _a71254029957
040 _cfsecg
041 _aara
100 _aفاخوري، هايل يعقوب
_eمؤلف
245 0 _aادارة الانتاج و العمليات /
_c هايل يعقوب فاخوري
260 _aعمان:
_bدار الصفاء للنشر و التوزيع,
_c2001
300 _a368 صفحة؛
653 _aادارة الانتاج
653 _aادارة العمليات
653 _aانتاجية
700 _aحمود، خضير كاظم
_eمؤلف ثانوي
942 _cكتاب
999 _c45793
_d45793